000 01061nam a2200229 a 4500
001 000085234
005 20200120224909.0
008 180703s2015 ck e|| |000|||spa d
020 _a9789588883946
041 _aspa
043 _as-ck---
090 _aAN
_bVASJf
100 1 _aVásquez, Juan Gabriel
245 1 0 _aLa forma de las ruinas /
_cJuan Gabriel Vásquez.
260 _aBogotá :
_bRandom House,
_c2015.
300 _a547 páginas.
520 _a" La forma de las ruinas por Juan Gabriel Vásquez , En el año 2014, Carlos Carballo es arrestado por intentar robar el traje de paño de Jorge Eliécer Gaitán, líder político asesinado en Bogotá en 1948. Carballo es un hombre atormentado que busca señales para desentrañar los misterios de un pasado que lo obsesiona. Pero nadie, ni siquiera sus amigos más cercanos, sospecha las razones profundas de su obsesión. "
600 _aGaitán, Jorge Eliécer,
_d1898-1948
_xAsesinato
_vNovela.
650 1 4 _aNovela histórica
650 2 4 _aConspiración
_xNovela
650 2 4 _aNovela colombiana
999 _c11621
_d11621